000 01760nam0a22003371 4500
001 rc\3448025
005 20130115142957.2
021 _aRU
_b[69-118806]
035 _a(NLR Aleph) 007593456
090 _a5636935
_c5636935
100 _a20130115d1969 |||y0rusy50 ca
101 0 _arus
102 _aRU
105 _aa z |||||
200 1 _aТиповые элементы технологических решений по хранению и грузопереработке бумажной продукции для баз и складов системы Госснаба СССР
_fГос. ком. Совета Министров СССР по матер.-техн. снабжению. Центр. науч.-исслед. ин-т информации и техн.-экон. исследований по матер.-техн. снабжению "ЦНИИТЭИМС"
210 _aМосква
_cБ. и.
_d1969
215 _a41 с.
_cил.
_d21
225 1 _a[Серия II "Организация складского хозяйства, механизация и автоматизация складских работ"]
300 _aНа обл. авт. не указаны
300 _aПеред загл. авт.: В.В. Горбунов, М.И. Папеев, К.А. Тамжова
300 _aНа обл. загл. серии: Складское хоз-во
606 _aСклады бумажной продукции
_xОрганизация работы
_2psbo
700 1 _aГорбунов
_bВ. В.
701 1 _aПапеев
_bМ. И.
701 1 _aТамжова
_bК. А.
801 0 _aRU
_bNLR
_gpsbo
801 1 _aRU
_bELAR
_2rusmarc
852 _aNLR
_j69-6/13698
852 _aNLR
_j69-6/12979
942 _cBOOK
980 _aNB